Programming In Java 2 (Record no. 186713)

MARC details
000 -LEADER
fixed length control field 00398nam a2200157Ia 4500
008 - FIXED-LENGTH DATA ELEMENTS--GENERAL INFORMATION
fixed length control field 230714s9999 xx 000 0 und d
041 ## - LANGUAGE CODE
Language code of text/sound track or separate title eng
082 ## - DEWEY DECIMAL CLASSIFICATION NUMBER
Classification number 005.2768
Item number SOM
100 ## - MAIN ENTRY--PERSONAL NAME
Personal name Somasundaram K.
245 ## - TITLE STATEMENT
Title Programming In Java 2
260 ## - PUBLICATION, DISTRIBUTION, ETC. (IMPRINT)
Date of publication, distribution, etc. 2005
Name of publisher, distributor, etc. Jaico Publishing House
300 ## - PHYSICAL DESCRIPTION
Extent 717
365 ## - TRADE PRICE
Currency code Rs.
Price amount 295.00
700 ## - ADDED ENTRY--PERSONAL NAME
Personal name Somasundaram K.
906 ## - LOCAL DATA ELEMENT F, LDF (RLIN)
d B:162/19.09.2005
c IT
b 118

No items available.